Chanteurs de A à Z - Statistiques

Statistiques générales
  • Ce quiz a été pris 816 fois
    696 depuis la dernière actualisation
  • Le résultat moyen est 17 sur 25
Statistiques - réponses
Lettres Indices Chanteurs % Correct
H "Allumer le feu" Johny Hallyday
91%
F "Cette année là" Claude François
89%
B "Tous les cris des S.O.S" Daniel Balavoine
89%
E "Shape of you" Ed Sheeran
88%
D "Pour que tu m'aimes encore" Céline Dion
87%
Q "Bohemian Rhapsody" Queen
86%
I "Trois nuits par semaine" Indochine
84%
M "On va s'aimer" Gilbert Montagné
78%
L "J't'emmène au vent" Louise Attaque
78%
C "Je t'aimais, Je t'aime et je t'aimerais" Francis Cabrel
77%
G "Au bout de mes rêves" Jean-Jacques Goldman
76%
J "Au soleil" Jenifer
76%
Z "Rue de la paix" Zazie
76%
O "La terre est ronde" Orelsan
75%
T "Blinding Lights" The Weeknd
67%
R "Caravane" Raphael
66%
W "Double je" Christophe Willem
64%
N "On verra" Nekfeu
60%
A "Santiano" Hugues Aufray
58%
K "Homeless" Marina Kaye
51%
P "Le zizi" Pierre Perret
48%
Y "Ce matin va être une pure soirée" Michael Youn
44%
V "Le pouvoir des fleurs" Laurent Voulzy
42%
U "Ti amo" Umberto Tozzi
33%
S "Besoin de personne Véronique Sanson
33%
Aucun quiz correspondant
Distribution des résultats
% des personnes avec chaque résultat
Percentile par nombre de réponses
Votre historique - résultats
Vous n’avez pas pris ce quiz depuis la dernière actualisation